গ্রীস ও ট্রয়ের উপাখ্যান / (Record no. 3653)
[ view plain ]
| 000 -LEADER | |
|---|---|
| fixed length control field | 00676nam a22002177a 4500 |
| 001 - CONTROL NUMBER | |
| JCCL Control Number | 3653 |
| 003 - CONTROL NUMBER IDENTIFIER | |
| JCCL marc code | BD-JhCC |
| 005 - DATE AND TIME OF LATEST TRANSACTION | |
| control field | 20171115193951.0 |
| 008 - FIXED-LENGTH DATA ELEMENTS--GENERAL INFORMATION | |
| fixed length control field | 171115b1978 xxuac||| |||| 000 0 d |
| 035 ## - SYSTEM CONTROL NUMBER | |
| system control number | (BD-JhCC)3653 |
| 040 ## - CATALOGING SOURCE | |
| Original cataloging agency | BD-JhCC |
| Modifying agency | BD-JhCC |
| 041 ## - LANGUAGE CODE | |
| Language code of Book | ben |
| 082 ## - DEWEY DECIMAL CLASSIFICATION NUMBER | |
| Classification number | 938 |
| Author mark and Year | RAH 1978 |
| 100 ## - MAIN ENTRY--PERSONAL NAME | |
| Personal name | রশীদ, আবদার |
| 245 ## - TITLE STATEMENT | |
| Title | গ্রীস ও ট্রয়ের উপাখ্যান / |
| Statement of responsibility, etc | আবদার রশীদ |
| 260 ## - PUBLICATION, DISTRIBUTION, ETC. (IMPRINT) | |
| Place of publication, distribution, etc | ঢাকা : |
| Name of publisher, distributor, etc | বাংলা একাডেমী , |
| Date of publication, distribution, etc | ১৯৭৮ . |
| 300 ## - PHYSICAL DESCRIPTION | |
| Pagination | ১৪২ পৃ. : |
| Dimensions | ২৫ সেমি. |
| 650 ## - SUBJECT ADDED ENTRY--TOPICAL TERM | |
| Topical term or geographic name as entry element | City of Troy |
| Geographic subdivision | Greece |
| 942 ## - ADDED ENTRY ELEMENTS (KOHA) | |
| Source of classification or shelving scheme | Dewey Decimal Classification |
| Koha item type | Books |
| Source of classification or shelving scheme | Damaged status | Not for loan | Home library | Current library | Shelving location | Date of accession | Cost, normal purchase price | Total Checkouts | Full call number | Barcode | Date last seen | Copy number | Koha item type |
|---|---|---|---|---|---|---|---|---|---|---|---|---|---|
| Dewey Decimal Classification | JCC Rouf Library | JCC Rouf Library | General Stacks | 11/15/2017 | 14.00 | 938 RAH 1978 | 3960 | 11/15/2017 | C-1 | Books |